| 000 | 07527nam0a22006971 4500 | ||
|---|---|---|---|
| 001 | RU\NLR\A1\7075 | ||
| 005 | 20260407090912.0 | ||
| 035 | _a(NLR Aleph) 009672903 | ||
| 090 |
_a9669963 _c9669963 |
||
| 100 | _a19970404d1781 m y0rusy50 ca | ||
| 101 | 1 |
_arus _cfre |
|
| 102 | _aRU | ||
| 135 | _acrcn 024anaba | ||
| 140 | _ay y ca yaa0000 | ||
| 200 | 1 |
_aКнига Язык; _fпереведена с французскаго Сергеем Волчковым |
|
| 210 |
_aВ Санктпетербурге _cпри Императорской Академии наук _d1781 |
||
| 215 |
_a[6], 1-192, 190-213, 213-307, [1] с. _d12° |
||
| 310 | _aТираж 800 экз. | ||
| 316 |
_aЭкз. РНБ (18.44.7.55) в картон. коричневом цельнокожаном пер. На нижней крышке пер. ярлык с шифром РНБ. Корешок с 5-ю бинтами, с блинтовым тиснением. На корешке вытиснено: «Книга Язык». Обрез тонир. крас. Форзац и нахзац из мрамор. бумаги. Правая сторона форзаца отсутствует. На форзаце ярлык-марка с шифром РНБ. На тит. л. штамп РПБ в венке с датой: 1919 и круглый штамп ГПБ и владельч. запись [нрзб]. На с.33 и 307 круглый штамп ГПБ _5NLR: РЗФ 18.44.7.55 |
||
| 316 |
_aЭкз. РНБ (137/23) в картон. коричневом цельнокожаном пер. На нижней крышке пер. ярлык с шифром РНБ. Нижняя крышка пер. отрывается от кн. блока. Корешок с 5-ю бинтами, с блинтовым тиснением. На корешке крас. кожаная наклейка, на которой вытиснено: «Книга Язык» и зеленая бум. наклейка "33/243". Обрез тонир. крас. Форзац надорван. На форзаце ярлык с шифром РНБ и владельч. запись 1798 г. [нрзб]. На тит. л. круглый штамп "Госуд. Публичн. библиотека Дублет". На обороте тит. л., с.33 и 307 круглый штамп ГПБ. На обороте нахзаца владельч. надпись "Сия книга прочитана мною". Размер: 16,8х10,3х3,5 см _5NLR: 137/23 |
||
| 316 |
_aЭкз. РНБ (РЗФ 18 в. 1/340) в картон. коричневом марморир. цельнокожаном пер. На нижней крышке пер. экслибрис РЗФ ГПБ с шифром. Корешок с 5-ю бинтами оборван и полностью заклеен оберточной бумагой. Обрез тонир. крас. Форзац и нахзац из бумаги "павлинье перо". При переплет. работах после форзаца и перед нахзацем вклеены листы. На листе после форзаца владельч. надпись: "Милостивому государю [нрзб] сия книга [нрзб]". На обороте листа перед нахзацем техн. штамп. На тит. л. круглый штамп "Госуд. Публичн. библиотека Дублет" _5NLR: РЗФ 18 в. 1/340 |
||
| 316 |
_aЭкз. РНБ (РЗФ 18 в. 1/340а) в составном картон. пер., обтянутом бумагой, с кожаными коричневыми корешком и уголками. На нижней крышке пер. экслибрис РЗФ ГПБ с шифром. Нижняя крышка пер. заклеена оберточной бумагой. Корешок с 5-ю бинтами, с блинтовым тиснением оборван сверху и снизу и заклеен оберточной бумагой. На корешке темно-крас. кожаная наклейка, на которой золотом вытиснено: «Книга Язык.». Обрез крапчатый крас. На форзаце детский рисунок пером: инициал "Е" под короной в орнаменте. У нахзаца кн. блок отрывается от переплета. На тит. л. круглый штамп "Госуд. Публичн. библиотека Дублет". На с.[1] 2-го ряда техн. штамп _5NLR: РЗФ 18 в. 1/340а |
||
| 317 |
_aВ экз. РНБ (137/23) на тит. л. владельч. запись "Из книг Михайла Соколского 1789 года [нрзб]" _5NLR: 137/23 |
||
| 317 |
_aВ экз. РНБ (РЗФ 18 в. 1/340) на тит. л. штамп б-ки Н.И.Носова (Богомолов 10873). На нахзаце шрифтовой ярлык «Антикварная книжная торговля В.И.Клочкова» _5NLR: РЗФ 18 в. 1/340 |
||
| 317 |
_aВ экз. РНБ (РЗФ 18 в. 1/340а) на форзаце и тит. л. штамп б-ки Петербургской духовной академии (Богомолов 12013). На обороте форзаца владельч. запись: "Из книг губернскаго секретаря Ивана Верцелиуса" _5NLR: РЗФ 18 в. 1/340а |
||
| 321 | 1 | _aСК XVIII 703 | |
| 325 | _aКопия доступна в Электрон. б-ке РНБ | ||
| 517 | 1 | _aЯзык | |
| 620 | _dСанкт-Петербург | ||
| 700 | 1 |
_6z01790 _aБорделон _bЛ. _f1653-1730 _gЛоран _4070 |
|
| 702 | 1 |
_4730 _7ca _8rus _aВолчков _bС. С. _f1707-ок.1775 _gСергей Саввич _9160134 _3RU\NLR\AUTH\770160175 |
|
| 702 | 1 |
_4390 _7ca _8rus _aКлочков _bВ. И. _fок.1861-1915 _gВасилий Иванович _9172600 _3RU\NLR\AUTH\770172651 |
|
| 702 | 1 |
_6z02790 _aСокольский _bМ. _gМихаил _5NLR: 137/23 _4390 |
|
| 702 | 1 |
_aНосов _bН.И. _f1847-1898 _gНиколай Иванович _5NLR: РЗФ 18 в. 1/340 _4390 |
|
| 702 | 1 |
_aВерцелиус _bИ. И. _f1806-1879 _gИван Иванович _5NLR: РЗФ 18 в. 1/340а _4390 |
|
| 712 | 0 | 2 |
_4610 _aАкадемическая типография _cПетербург _3RU\NLR\AUTH\8815379 _9303965 |
| 790 | 1 |
_6z02702 _aСоколский _bМ. _gМихайла _5NLR: 137/23 _4390 |
|
| 790 | 1 |
_6z01700 _aBordelon _bL. _gLaurent _7ba |
|
| 801 | 0 |
_aRU _bNLR _c19970404 |
|
| 852 |
_aNLR _j18.44.7.55 |
||
| 852 |
_aNLR _j137/23 |
||
| 852 |
_aNLR _bРЗФ _j18 в. 1/340 |
||
| 852 |
_aNLR _bРЗФ _j18 в. 1/340а |
||
| 856 | 0 | _uhttps://vivaldi.nlr.ru/bx000019195/view | |
| 856 | 1 | _uhttps://vivaldi.nlr.ru/bx000019195/cover | |
| 856 | 2 | _uhttps://vivaldi.nlr.ru/bx000019195/text | |
| 899 | _aРГБ | ||
| 899 | _aБАН | ||
| 899 | _aГПИБ | ||
| 899 | _aНБЛ КГУ | ||
| 942 | _cBOOK | ||
| 980 | _aNB | ||
| 980 | 3 | _akpcivil2020 | |
| 980 | 3 | _akp2020 | |
| 980 | 3 | _akp | |
| 980 | _aA1XVIIIv | ||
| 981 | 2 | 0 |
_a(20) Книжные памятники РНБ _b(20) Русский книжный фонд |